000 00527nam a2200193Ia 4500
005 20250326143622.0
008 250326s9999 xx 000 0 und d
020 _a0-7546-1987-7
037 _aTextbook
040 _aFMSL
_beng
_cFMSL
041 _aeng
_2eng
084 _aX.1 P5
_qFMSL
100 _aPowell Marcus Ed.
_9748283
245 0 _aSkill formation and globalization
_cPowell Marcus Ed.
260 _aUSA
_bUSA, Ashgate
_c2005
300 _avii,173
942 _cTB
_hX.1 P5
999 _c1300298
_d1300298